Word Ladder: MLS Teams Quiz Stats

 Plays Quiz Updated Nov 9, 2017

Challenge
Share
Tweet
Embed
Score 0/10 Timer 01:00
1 Play Today
Clue 4-Letter Word % Correct
Deep red root vegetableBEET
93.4%
Make a batch of ice teaBREW
89.9%
This can be found in a dryer trapLINT
88.7%
A period of penitence and fastingLENT
88.5%
McKenzie of 'Flight of the Conchords'BRET
82.9%
1337, an alternate internet alphabetLEET
82.1%
George Clooney's 'One ___ Day'FINE
81%
A genetic strain of bacteriaLINE
75.5%
Columbus MLS teamCREW
72.6%
Chicago MLS teamFIRE
62%

Today's Daily Dose

You're not logged in!

Compare scores with friends on all Sporcle quizzes.
Join for Free
OR
Log In

You Might Also Like...

Show Comments

Extras

Top Quizzes Today


Score Distribution

Your Account Isn't Verified!

In order to create a playlist on Sporcle, you need to verify the email address you used during registration. Go to your Sporcle Settings to finish the process.

Report this User

Report this user for behavior that violates our Community Guidelines.

Details: